000 00296nam a22001337a 4500
008 230717b xxu||||| |||| 00| 0 eng d
082 _a363.8
_bFAO
100 _cJ Albert
245 _aFood, Nutrition and Agriculture
260 _c2003
300 _a94p
440 _x1014806X
942 _2ddc
_cBK
999 _c3968
_d3968